A man called Peter: (Record no. 16046)

000 -LEADER
fixed length control field 00532nam a2200169 a 4500
001 - CONTROL NUMBER
control field :::00018668$&:&@@
003 - CONTROL NUMBER IDENTIFIER
control field OkBaRHE
005 - DATE AND TIME OF LATEST TRANSACTION
control field 20100331143833.0
008 - FIXED-LENGTH DATA ELEMENTS--GENERAL INFORMATION
fixed length control field s1951 j 000 0 eng u
040 ## - CATALOGING SOURCE
Transcribing agency
100 1# - MAIN ENTRY--PERSONAL NAME
Personal name Marshall, Catherine
245 12 - TITLE STATEMENT
Title A man called Peter:
Remainder of title the story of Peter Marshall.
260 ## - PUBLICATION, DISTRIBUTION, ETC. (IMPRINT)
Place of publication, distribution, etc Greenwich, conn.
Name of publisher, distributor, etc Fawcett Publications, Inc.
Date of publication, distribution, etc 1951
300 ## - PHYSICAL DESCRIPTION
Extent 351 p.
942 ## - ADDED ENTRY ELEMENTS (KOHA)
Source of classification or shelving scheme
Koha item type Books
Copies
Source of classification or shelving scheme Shelving location Date last seen Permanent Location Koha item type Copy number Current Location Withdrawn status Total Checkouts Date acquired Not for loan Lost status Price effective from Full call number Date checked out Barcode Damaged status
 General Stacks2016-01-11RHEMA Bible Training CollegeBooks1RHEMA Bible Training College 22010-04-14  2010-04-14BX 9225 .M35 M32015-11-0318668